Geography Generator Puzzle #19 - Statistics

General Stats
  • This quiz has been taken 193 times
  • The average score is 11 of 21
Answer Stats
answer % Correct
Thailand prior to 1939 Siam
85%
where coins are made mint
76%
26 Dec 2004 tragedy tsunami
76%
African capital Tunis
76%
thin fog mist
73%
it's 149,000,000 km away sun
73%
spender of 34% of the world's military spending USA
68%
Middle Eastern monarchy Oman
56%
canonizee in English saint
56%
Charles ___ and Jeremiah Dixon, creators of a US state boundary that bears their names Mason
55%
Texan city divided between 6 congressional districts due to Republican gerrymandering Austin
54%
9-letter geography term MOUNTAINS
52%
this United group was formed in 1945 Nations
52%
hotel; also Innsbruck's river inn
51%
canonizee in Spanish santo
51%
Frankfurt's river Main
44%
canonizee in Dutch sint
32%
canonizee in Portuguese são
27%
tourist and artistic town near Santa Fe Taos
26%
what the Soviet Socialist Republics were (hence USSR) Union
25%
island in Maori and Samoan (4 letters) m{otu}
3%
No matching quizzes found
Score Distribution
Percent of People with Each Score
Percentile by Number Answered
Your Score History
You have not taken this quiz